000 00602nam a2200181Ia 4500
008 100921s9999 xx 000 0 und d
082 _b21077
_a891.463 थ 88
100 _aलागू चिंतामणी.
245 _aफरार.
260 _bमनोरमा प्रकाशन,मुंबई.
_c1988
300 _a198
_bभावे पुस्तक भांडार,पुणे
365 _b50
520 _aललित-कादंबरी.
630 _aफरार.
650 _aललित-कादंबरी.
730 _aफरार.
942 _cBOOK
999 _c770190
_d770187